| 000 | 00419nam a22001217a 4500 | ||
|---|---|---|---|
| 082 |
_a307.7609 _bHAL _cD |
||
| 245 |
_aTowards an understanding of governance:the emergence of an idea and its implication fro urban research in developing countries. _cMohammad Halfani. |
||
| 260 |
_aCairo.: _bWorld Bank. _c1993 |
||
| 300 | _a45 p. | ||
| 526 |
_a0 _b0 _c0 _d307_760900000000000_HAL |
||
| 650 |
_aNUST. _96342 |
||
| 942 |
_2ddc _cBK |
||
| 999 |
_c542468 _d542468 |
||